000 00907nas a22002657a 4500
001 43100
003 UA-OsUOA
005 20230704120101.0
007 ta
008 200905c3b un |||||br|p| 00| 0 ukr dukr d
022 _a08693595
040 _aUA-OsUOA
_bukr
_cUA-OsUOA
_dUA-OsUOA
041 _aukr
080 _a93
090 _a93
_bК11
099 _a74260
110 _aЖурнал Київського славістичного університету
245 _aКиївська старовина
_bнауково-популярний та літературний журнал
_cгол. ред. П. П. Толочко
260 _aК.
650 7 _a93 Історія. Теоретичні питання
_2UDC
942 _cMG
_2udc
_s1
955 _a4
999 _c441577
_d441577